000 00950cad a22002175a 4500
001 E152421
008 110307s2011 xxk f 000 0 eng d
020 _a9780755999453
035 _a(Sirsi) u152421
041 0 _aeng
110 2 _aScotland
_bScottish Government
_95344
245 0 0 _aGamebirds
_bcode of practice for the welfare of gamebirds reared for sporting purposes
_h[electronic resource]
260 _aEdinburgh
_bScottish Government
_c2011
520 _aThis Code of Practice offers guidance on the Animal Health and Welfare (Scotland) Act 2006 and how it affects birds bred for shooting or kept for breeding.
590 _aKA
650 2 4 _aANIMAL HEALTH AND WELFARE (SCOTLAND) ACT 2006
651 4 _aScotland
_y1999-
690 _aENVIRONMENTAL AND LAND CONSULTANCY-ENVIRONMENTAL MANAGEMENT
856 4 0 _uhttps://www.scotland.gov.uk/Publications/2011/03/03123557/0
_zView the Code free of charge at www.scotland.gov.uk
942 _n0
999 _c112053
_d112053